| 000 | 01135cam a22003257a 4500 | ||
|---|---|---|---|
| 003 | CHAP | ||
| 005 | 20220329140719.0 | ||
| 008 | 971013s1982 r 00010 d | ||
| 010 | _a56431 | ||
| 011 | _a57403 | ||
| 035 | _a61558 | ||
| 040 | _cCHAP | ||
| 090 | _aTesis | ||
| 100 | 0 | 0 |
_aZepeda Romero, Jesús Manuel. _9123942 |
| 245 | 1 | 3 | _aEl efecto de las apelaciones racionales y emocionales usadas en sonovisos para motivar la adopción de la apicultura |
| 260 |
_aChapingo, Méx. : _bEl auto, _c1982 |
||
| 300 |
_a123 h. _b; gráfs. |
||
| 502 | _aTesis (M.C. Esp. en Desarrollo Rural) -- Colegio de Postgraduados. Centro de Desarrollo Rural | ||
| 590 |
_aALEPH _b10 _c20130110 _lUCH01 _h1334 |
||
| 590 |
_aBATCH-UPD _b10 _c20130110 _lUCH01 _h1736 |
||
| 590 |
_aBATCH-UPD _b10 _c20130410 _lUCH01 _h1116 |
||
| 590 |
_aBATCH-UPD _b10 _c20130914 _lUCH01 _h1023 |
||
| 590 |
_aCONVERSION _b10 _c20130109 _lUCH01 _h1330 |
||
| 650 | 1 | 4 |
_aApicultura. _96241 |
| 650 | 1 | 4 |
_aComunicación de masas. _926210 |
| 901 | _aBK | ||
| 942 | _cFOLL | ||
| 949 |
_bBC _cTES _d-132197 _eTS1 _i61558 _si |
||
| 949 |
_bBC _cTES _d33724000597514 _eTS2 _fc.2 _i61558 _sb |
||
| 999 |
_c56431 _d56431 |
||